| 000 | 00495nam a2200181Ia 4500 | ||
|---|---|---|---|
| 005 | 20250508162532.0 | ||
| 008 | 008 250505s9999 xx 000 0 san d | ||
| 037 | _aTextual | ||
| 040 |
_aFEDL _beng _cFEDL |
||
| 041 |
_asan _2eng |
||
| 084 |
_a491.207, RAM _qFEDL |
||
| 100 |
_aRamshastri _9773392 |
||
| 245 | 0 | _aSanskrit-shikshan-sarni | |
| 260 |
_aHaryana, India _bAcharaya Ramshastri _c1983 |
||
| 300 | _a600p | ||
| 942 |
_cTEXL _h491.207, RAM |
||
| 999 |
_c1377163 _d1377163 |
||